Taylor Swift 'Eras Tour' Countries - Statistics

General Stats
  • This quiz has been taken 264 times
  • The average score is 16 of 20
Answer Stats
Country % Correct
United States
99%
France
93%
United Kingdom
93%
Canada
91%
Germany
91%
Australia
90%
Brazil
89%
Japan
88%
Spain
85%
Italy
84%
Mexico
83%
Argentina
81%
Portugal
81%
Sweden
79%
Ireland
75%
Austria
72%
Poland
72%
Switzerland
67%
Netherlands
66%
Singapore
66%
No matching quizzes found
Score Distribution
Percent of People with Each Score
Percentile by Number Answered
Your Score History
You have not taken this quiz